Open Economy Macroeconomics
Salvato in:
| Autore principale: | |
|---|---|
| Altri autori: | |
| Natura: | Libro |
| Lingua: | inglese |
| Pubblicazione: |
Princeton
Princeton University Press
2017
|
| Edizione: | 1st Edition |
| Soggetti: | |
| Tags: |
Nessun Tag, puoi essere il primo ad aggiungerne!!
|
MARC
| LEADER | 00000nam a2200000 4500 | ||
|---|---|---|---|
| 001 | 0264854 | ||
| 005 | 20230109073127.1 | ||
| 020 | |a 978-0-691-15877-8 | ||
| 041 | 0 | |a eng | |
| 044 | |a US | ||
| 245 | 1 | 0 | |a Open Economy Macroeconomics |c Martin Uribe, Stephanie Schmitt-Grohé |
| 250 | |a 1st Edition | ||
| 264 | 1 | |a Princeton |b Princeton University Press |c 2017 | |
| 300 | |a 626 s. | ||
| 610 | 2 | 0 | |a hospodárstvo otvorené |
| 610 | 2 | 0 | |a makroekonomika |
| 610 | 2 | 0 | |a cykly obchodné |
| 610 | 2 | 0 | |a modelovanie ekonometrické |
| 610 | 2 | 0 | |a modely ekonomické |
| 100 | 1 | |a Uribe, Martín | |
| 700 | 1 | |a Schmitt-Grohé, Stephanie | |